000 00428nam a22001577a 4500
008 240206b |||||||| |||| 00| 0 eng d
100 _aG.V.Kumbhojkar
_9118
245 _aEngineering Mathematics IV ( Mechanical Engineering)
250 _a2
260 _bP.Jamnadas
_c2021
365 _d580.00
650 _aMathematics
_9119
942 _cBK
999 _c36041
_d36041